000
00313nam a2200145Ia 4500
100
_a
Ambardar/Ashok
250
_a
2
942
_c
BK
654
_a
analog
245
_a
Analog and digital Signal Processing
260
_b
Thomsan Learning
_c
1999
082
_a
621.3822
_b
AMB
300
_a
807
546
_a
ENGLISH
999
_c
20946
_d
20946